La quimica demostrada en 26 lecciones, que contienen la exposicion de las teorías de esta ciencia puestas al alcance de todos, y en cada leccion los ensayos químicos y las aplicaciones a las artes correspondientes / traducida de la novena edicion inglesa, de orden de Don J. L., por un americano, discipulo de M. Thenar

Detalles Bibliográficos
Formato: Libro
Lenguaje:Spanish
Publicado: Paris : en la Libreria de Bossange padre, calle de Richeleu, n. 60, 1825.
Materias:
Colección:Banco de datos
Acervo:Seminario Conciliar de Nuestra Señora de Guadalupe Querétaro. Qro.. Biblioteca Florencio Rosas. Fondo Reservado
Descripción Física:516 p. + [11] h. de grab. : il. ; 8°
Tema general:Química
Notas:Portada tipográfica con pleca en grabado litográfico. Texto a renlgón seguido con paginación en números arábigos, cornisas y notas a pie de página. Incluye ilustraciones a plana entera y a hoja plegada en grabado calcográfico. Encuadernación en piel sobre cartón con cantos marmoleados
LEADER 01178nam a22001690004500
035 |a 3218 
041 0 |a spa 
245 1 0 |a La quimica demostrada en 26 lecciones, que contienen la exposicion de las teorías de esta ciencia puestas al alcance de todos, y en cada leccion los ensayos químicos y las aplicaciones a las artes correspondientes / traducida de la novena edicion inglesa, de orden de Don J. L., por un americano, discipulo de M. Thenar  
260 |a Paris : en la Libreria de Bossange padre, calle de Richeleu, n. 60, 1825.  
300 |a 516 p. + [11] h. de grab. : il. ; 8° 
500 |a Portada tipográfica con pleca en grabado litográfico. Texto a renlgón seguido con paginación en números arábigos, cornisas y notas a pie de página. Incluye ilustraciones a plana entera y a hoja plegada en grabado calcográfico. Encuadernación en piel sobre cartón con cantos marmoleados 
504 |a Al final de la obra está la tabla de contenido 
650 1 0 |a Química 
949 |a Fondo Reservado: 6249 
942 |c QUER-RES 
943 |g Seminario Conciliar de Nuestra Señora de Guadalupe Querétaro. Qro.. Biblioteca Florencio Rosas. Fondo Reservado 
999 |c 1110882  |d 1110882